| 000 | 01088nam a22003137a 4500 | ||
|---|---|---|---|
| 001 | 00007653 | ||
| 003 | DO-SdBNP | ||
| 005 | 20230511111237.0 | ||
| 007 | 00007653 | ||
| 008 | 160607b2002 ck || 00| 0 spa d | ||
| 020 | _a9580463980 | ||
| 040 |
_aBPMSU _bspa _cBPMSU |
||
| 082 |
_a658.8 _bK12c 2002 _222 |
||
| 100 | 1 | _aKahle, Dave | |
| 240 | 1 | 0 | _l |
| 245 | 1 | 0 |
_aCómo alcanzar la excelencia en ventas en el nuevo milenio : _bestrategias exitosas para distribuidores y representantes de ventas enfrentados a un entorno altamente competitivo / _cDave Kahle ; traductor Affan Buitrago. |
| 260 |
_aBogotá : _bNorma, _c2001 |
||
| 300 |
_axv, 352 p. ; _c23 cm. |
||
| 534 |
_aTítulo original : _tHow to excel at distributor sales |
||
| 590 | _aInventariado, 2023/VM | ||
| 650 | 4 | _a Administración de ventas | |
| 650 | 4 | _aPersonal de ventas | |
| 650 | 4 | _aplanificacion del marketing | |
| 700 | 1 | 2 |
_aBuitrago, Affan, _etr. |
| 910 | _aVMateo V. Control de calidad (BPMSU) | ||
| 942 |
_2ddc _cBK |
||
| 945 | _aInventariado, 2018/MFF | ||
| 956 |
_2LOPEREZ _310 _620160607 _8BPMSU _a00041 |
||
| 999 |
_c10290 _d10290 |
||